[Event "ThEM Meisterturnier"]
[Site "?"]
[Date "2002.03.28"]
[Round "3"]
[White "Deuter, Lutz"]
[Black "Krämer, Martin"]
[Result "0-1"]
[WhiteElo "2041"]
[BlackElo "2132"]
[PlyCount "68"]
[EventDate "2002.??.??"]

1. Nc3 c5 2. e4 Nc6 3. f4 g6 4. Nf3 Bg7 5. Bc4 e6 6. O-O Nge7 7. d3 d5 8. Bb5
O-O 9. Bxc6 Nxc6 10. Qe1 Nd4 11. Nxd4 cxd4 12. Ne2 dxe4 13. dxe4 Qb6 14. Kh1
Rd8 15. Ng3 f5 16. e5 Bf8 17. Rf3 Bd7 18. b3 Rac8 19. Bd2 Qc5 20. c3 Bc6 21.
cxd4 Qxd4 22. Be3 Qd3 23. Rf2 Bb4 24. Qe2 b6 25. a3 Be7 26. b4 Bb5 27. Qe1 Rc3
28. a4 Bc4 29. Bd2 Rc2 30. Nf1 Bh4 31. g3 Be7 32. Kg1 a5 33. bxa5 bxa5 34. Be3
Bb4 {ZUe} 0-1

[Event "ThEM Meisterturnier"]
[Site "?"]
[Date "2002.??.??"]
[Round "4"]
[White "Goemann, Jens"]
[Black "Krämer, Martin"]
[Result "1-0"]
[WhiteElo "2197"]
[BlackElo "2132"]
[PlyCount "119"]
[EventDate "2002.??.??"]

1. c4 Nf6 2. Nf3 g6 3. g3 Bg7 4. Bg2 O-O 5. O-O d6 6. Nc3 e5 7. d3 c6 8. Rb1
Re8 9. Bg5 h6 10. Bxf6 Qxf6 11. b4 a6 12. a4 Be6 13. Nd2 Qd8 14. Qb3 Nd7 15.
Rfc1 f5 16. b5 Nc5 17. Qb4 a5 18. Qa3 Qc7 19. bxc6 bxc6 20. Nb3 Nb7 21. Nd5 Qd8
22. Nd2 cxd5 23. Rxb7 dxc4 24. Nxc4 Rc8 25. Nb6 Rxc1+ 26. Qxc1 d5 27. Nxd5 e4
28. dxe4 fxe4 29. Qc7 Qxc7 30. Nxc7 Re7 31. Rb8+ Kf7 32. Nxe6 Rxe6 33. Rc8 Kf6
34. e3 Re5 35. Rc4 Kf5 36. Bh3+ Kg5 37. Bd7 Bf8 38. h3 h5 39. Rc6 Bb4 40. h4+
Kh6 41. Re6 Rxe6 42. Bxe6 g5 43. Bf5 gxh4 44. gxh4 Be7 45. Bxe4 Bxh4 46. f4 Be1
47. Kg2 Kg7 48. Bf5 Kf6 49. e4 Ke7 50. e5 Kf7 51. Kf3 h4 52. Ke4 Bc3 53. Bh3
Kg6 54. Kd5 Kf7 55. f5 Bb4 56. f6 Ba3 57. Kc6 Bb2 58. Kd6 Ba3+ 59. Kd7 Bb2 60.
e6+ 1-0

[Event "ThEM Meisterturnier"]
[Site "?"]
[Date "2002.03.29"]
[Round "4"]
[White "Seidel, Thomas"]
[Black "Deuter, Lutz"]
[Result "0-1"]
[WhiteElo "2043"]
[BlackElo "2041"]
[PlyCount "76"]
[EventDate "2002.??.??"]

1. e4 e6 2. d4 d5 3. exd5 exd5 4. Bd3 Bd6 5. Ne2 Qf6 6. O-O Bg4 7. c4 dxc4 8.
Bxc4 Ne7 9. Nbc3 Qh4 10. h3 Bd7 11. Nb5 O-O 12. Nxd6 cxd6 13. Qb3 Nf5 14. g4
Ne7 15. Bf4 d5 16. Bxd5 Nxd5 17. Qxd5 Qxh3 18. f3 Bc6 19. Qb3 Rd8 20. Rad1 Bd5
21. Qd3 Nd7 22. Nc3 Nf6 23. Rd2 Rac8 24. Nxd5 Nxd5 25. Be5 Qh6 26. f4 f6 27.
Rh2 Qg6 28. f5 Qg5 29. Bg3 Rc1 30. Re2 Rxf1+ 31. Kxf1 Qxg4 32. Re4 Qxf5+ 33.
Kg1 Qg6 34. Kh2 b6 35. Qe2 Qf7 36. Be1 Rc8 37. a3 Qc7+ 38. Bg3 Qc2 {ZUe} 0-1

[Event "ThEM Meisterturnier"]
[Site "?"]
[Date "2002.03.29"]
[Round "4"]
[White "Aepfler, Christian"]
[Black "Müller, Matthias"]
[Result "0-1"]
[WhiteElo "2275"]
[BlackElo "2415"]
[PlyCount "60"]
[EventDate "2002.??.??"]

1. e4 e6 2. d4 d5 3. Nd2 c5 4. exd5 exd5 5. Ngf3 Nf6 6. Bb5+ Bd7 7. Qe2+ Be7 8.
dxc5 O-O 9. O-O Re8 10. Qd3 Bxc5 11. Nb3 Bb6 12. Bxd7 Nbxd7 13. Bf4 Qe7 14.
Rfe1 Qb4 15. Be3 Re4 16. a3 Qd6 17. Bxb6 Qxb6 18. Nfd2 Re6 19. Rxe6 fxe6 20.
Re1 Rc8 21. Nf3 a5 22. a4 Rc4 23. Qe2 Re4 24. Qb5 Qxb5 25. axb5 a4 26. Nbd4 e5
27. Nf5 Rb4 28. Nxe5 Nxe5 29. Rxe5 Rxb2 30. h3 a3 0-1

[Event "ThEM Meisterturnier"]
[Site "?"]
[Date "2002.03.29"]
[Round "4"]
[White "Holzschuh, Stephan"]
[Black "Fischer, Kay"]
[Result "1/2-1/2"]
[WhiteElo "2071"]
[BlackElo "2154"]
[PlyCount "36"]
[EventDate "2002.??.??"]

1. e4 e6 2. d4 d5 3. e5 c5 4. c3 Nc6 5. Nf3 Nge7 6. Be2 Nf5 7. O-O Bd7 8. Be3
Be7 9. b3 O-O 10. Bd3 cxd4 11. cxd4 Nxe3 12. fxe3 Rc8 13. a3 f6 14. exf6 Bxf6
15. Nbd2 Qb6 16. Qe2 e5 17. dxe5 Nxe5 18. Nxe5 Bxe5 1/2-1/2

[Event "ThEM Meisterturnier"]
[Site "?"]
[Date "2002.03.29"]
[Round "5"]
[White "Müller, Matthias"]
[Black "Holzschuh, Stephan"]
[Result "1/2-1/2"]
[WhiteElo "2415"]
[BlackElo "2071"]
[PlyCount "74"]
[EventDate "2002.??.??"]

1. e4 c5 2. Nf3 Nc6 3. d4 cxd4 4. Nxd4 g6 5. c4 Bg7 6. Be3 Nf6 7. Nc3 d6 8. Be2
O-O 9. O-O Bd7 10. Rc1 Nxd4 11. Bxd4 Bc6 12. Bd3 a5 13. Re1 Nd7 14. Bxg7 Kxg7
15. Qd2 Nc5 16. Bb1 b6 17. Re3 Qd7 18. Rce1 e5 19. Rh3 f6 20. Rd1 Nb7 21. Qe3
Qc7 22. a3 Rad8 23. b4 g5 24. Rg3 axb4 25. axb4 Be8 26. h4 h6 27. Nd5 Qxc4 28.
Qxb6 Qb5 29. Qe3 Bf7 30. Bd3 Qa4 31. Qe1 Rb8 32. Rc1 Nd8 33. Ra1 Qd7 34. Bc4
Nc6 35. Rga3 Nxb4 36. Nxb4 Bxc4 37. Nc2 Be6 1/2-1/2

[Event "ThEM Meisterturnier"]
[Site "?"]
[Date "2002.03.29"]
[Round "5"]
[White "Deuter, Lutz"]
[Black "Hänsel, Thomas"]
[Result "0-1"]
[WhiteElo "2041"]
[BlackElo "2269"]
[PlyCount "130"]
[EventDate "2002.??.??"]

1. e4 c5 2. Nf3 d6 3. d4 cxd4 4. Nxd4 Nf6 5. Nc3 a6 6. Be2 e5 7. Nf3 Be7 8. O-O
O-O 9. a4 h6 10. Nd2 Be6 11. Nc4 Qc7 12. Ne3 Nbd7 13. a5 Rac8 14. Re1 Rfe8 15.
Bf1 Qd8 16. Ned5 Nxd5 17. Nxd5 Bg5 18. Be3 Bxd5 19. Qxd5 Bxe3 20. Rxe3 Rxc2 21.
Qxb7 Nc5 22. Qd5 Rxb2 23. Rf3 Re6 24. g3 Rf6 25. Raa3 Ne6 26. Rab3 Rc2 27. Rbc3
Rxf3 28. Rxc2 Ra3 29. Bxa6 Rxa5 30. Rc8 Rxd5 31. Rxd8+ Nxd8 32. exd5 Kf8 33.
Kf1 Ke7 34. Ke2 Kd7 35. Ke3 Kc7 36. Bb5 Nb7 37. Be8 f6 38. g4 Nc5 39. Bf7 g5
40. Bg6 Kb6 41. Be8 Ka5 42. Bc6 Kb4 43. Be8 Kc3 44. Bg6 Kc4 45. Bf7 Nb3 46. Be6
Nd4 47. Ke4 Kc3 48. Bc8 Kd2 49. Ba6 Ke1 50. Ke3 f5 51. gxf5 Nxf5+ 52. Kf3 h5
53. Bd3 Ne7 54. Bc4 Ng8 55. Ke3 Nf6 56. h3 Kd1 57. Kd3 Kc1 58. Bb3 h4 59. Ke3
Kb2 60. Bc4 Kc3 61. Bf1 Kb4 62. Bg2 Kc5 63. Bf3 Kb6 64. Kd2 e4 65. Bg2 Kc5 0-1

[Event "ThEM Meisterturnier"]
[Site "?"]
[Date "2002.03.29"]
[Round "5"]
[White "Krämer, Martin"]
[Black "Seidel, Thomas"]
[Result "1-0"]
[WhiteElo "2132"]
[BlackElo "2043"]
[PlyCount "59"]
[EventDate "2002.??.??"]

1. e4 c5 2. Nf3 d6 3. d4 cxd4 4. Nxd4 Nf6 5. Nc3 a6 6. Be3 e6 7. g4 h6 8. Rg1
Nc6 9. Be2 Nxd4 10. Qxd4 e5 11. Qd2 Qc7 12. h4 b5 13. g5 hxg5 14. hxg5 b4 15.
Nd5 Nxd5 16. exd5 a5 17. g6 fxg6 18. O-O-O Bf5 19. Bd3 Rc8 20. Kb1 e4 21. Ba6
Rb8 22. Qd4 Kf7 23. f3 Rh2 24. Rc1 exf3 25. Bd3 Rg2 26. Qf4 Rxg1 27. Rxg1 Qd7
28. Rxg6 Kxg6 29. Qg5+ Kf7 30. Bxf5 1-0

[Event "ThEM Meisterturnier"]
[Site "?"]
[Date "2002.03.30"]
[Round "6"]
[White "Goemann, Jens"]
[Black "Seidel, Thomas"]
[Result "1-0"]
[WhiteElo "2197"]
[BlackElo "2043"]
[PlyCount "83"]
[EventDate "2002.??.??"]

1. c4 e6 2. Nf3 d5 3. g3 Nf6 4. Bg2 Be7 5. O-O O-O 6. b3 Ne4 7. Bb2 Bf6 8. Ne5
Nd7 9. d4 c5 10. cxd5 exd5 11. Nd2 Nxd2 12. Qxd2 Bxe5 13. dxe5 d4 14. f4 Nb6
15. e3 dxe3 16. Qxe3 c4 17. Ba3 Re8 18. Rfd1 Qc7 19. Bd6 Qd7 20. Bc5 Qf5 21.
Be4 Qh3 22. Bxb6 axb6 23. bxc4 Be6 24. Bg2 Qf5 25. Bxb7 Rab8 26. Bd5 b5 27. Be4
Qh3 28. c5 Bc4 29. c6 f5 30. Bd5+ Bxd5 31. Rxd5 Rbc8 32. Rd6 Qh5 33. Rc1 Qf7
34. Qb3 Qxb3 35. axb3 Kf7 36. Ra1 Re7 37. Ra6 Rec7 38. Kf2 Ke7 39. Ke3 Rd8 40.
Rxd8 Kxd8 41. Kd4 Ke7 42. Kc5 1-0

[Event "ThEM Meisterturnier"]
[Site "?"]
[Date "2002.03.30"]
[Round "6"]
[White "Hänsel, Thomas"]
[Black "Krämer, Martin"]
[Result "1/2-1/2"]
[WhiteElo "2269"]
[BlackElo "2132"]
[PlyCount "68"]
[EventDate "2002.??.??"]

1. e4 c5 2. Nf3 Nc6 3. d4 cxd4 4. Nxd4 g6 5. c4 Bg7 6. Be3 Nf6 7. Nc3 Nxd4 8.
Bxd4 d6 9. Be2 O-O 10. O-O Bd7 11. f3 Bc6 12. b4 Nh5 13. a3 Nf4 14. Bxg7 Kxg7
15. Qd2 Nxe2+ 16. Nxe2 Qb6+ 17. Kh1 Rac8 18. Nc3 a5 19. Rab1 axb4 20. axb4 Rfe8
21. f4 Qc7 22. f5 b6 23. Qd4+ f6 24. Rbc1 b5 25. cxb5 Bxb5 26. Rfd1 Ba4 27. Re1
Bb3 28. Ne2 Qb7 29. Nf4 Rxc1 30. Rxc1 Rb8 31. Nd3 Rc8 32. h3 Rxc1+ 33. Nxc1 Bc2
34. Nd3 Bxd3 1/2-1/2

[Event "ThEM Meisterturnier"]
[Site "?"]
[Date "2002.03.30"]
[Round "6"]
[White "Aepfler, Christian"]
[Black "Deuter, Lutz"]
[Result "1-0"]
[WhiteElo "2275"]
[BlackElo "2041"]
[PlyCount "85"]
[EventDate "2002.??.??"]

1. e4 e6 2. d4 d5 3. Nd2 Nf6 4. e5 Nfd7 5. Bd3 c5 6. c3 Nc6 7. Ne2 cxd4 8. cxd4
f6 9. exf6 Nxf6 10. O-O Bd6 11. Nf3 Qb6 12. b3 Bd7 13. Bb2 O-O 14. Re1 Kh8 15.
Ng3 Bxg3 16. hxg3 Ng4 17. Qd2 Rf6 18. Rad1 a5 19. Bb1 Raf8 20. Qc2 g6 21. Ba3
Nb4 22. Qc5 Qd8 23. Bxb4 axb4 24. Qxb4 g5 25. Qd2 Nxf2 26. Qxf2 g4 27. Qc2 Rh6
28. Nh4 Rxh4 29. gxh4 Qxh4 30. Rf1 Rf5 31. Rxf5 exf5 32. Qc5 Kg7 33. Qc7 g3 34.
Qxd7+ Kg8 35. Qxd5+ Kg7 36. Qd7+ Kg8 37. Bxf5 Qh2+ 38. Kf1 Qh1+ 39. Ke2 Qxg2+
40. Kd3 Qf3+ 41. Kc2 g2 42. Qe8+ Kg7 43. Qe7+ 1-0

[Event "ThEM Meisterturnier"]
[Site "?"]
[Date "2002.03.30"]
[Round "6"]
[White "Fischer, Kay"]
[Black "Müller, Matthias"]
[Result "0-1"]
[WhiteElo "2154"]
[BlackElo "2415"]
[PlyCount "44"]
[EventDate "2002.??.??"]

1. e4 c5 2. c3 e6 3. d4 d5 4. e5 Nc6 5. Nf3 Qb6 6. Be2 cxd4 7. cxd4 Nh6 8. b3
Nf5 9. Bb2 Bb4+ 10. Kf1 Bd7 11. g4 Nh6 12. h3 O-O 13. Ba3 f6 14. Bxb4 Qxb4 15.
exf6 Rxf6 16. Ne5 Raf8 17. f3 Nxe5 18. dxe5 Rf4 19. Qe1 Qxe1+ 20. Kxe1 Nf7 21.
Nd2 Nxe5 22. Rc1 Bc6 0-1

[Event "ThEM Meisterturnier"]
[Site "?"]
[Date "2002.03.31"]
[Round "7"]
[White "Müller, Matthias"]
[Black "Goemann, Jens"]
[Result "1/2-1/2"]
[WhiteElo "2415"]
[BlackElo "2197"]
[PlyCount "113"]
[EventDate "2002.??.??"]

1. e4 e6 2. d4 d5 3. Nc3 Nf6 4. e5 Nfd7 5. f4 c5 6. Nf3 Nc6 7. Be3 a6 8. Qd2
cxd4 9. Nxd4 Bc5 10. O-O-O O-O 11. Kb1 Bxd4 12. Bxd4 b5 13. Qe3 b4 14. Ne2 Qc7
15. g3 a5 16. Bh3 Ba6 17. Rhe1 Rfe8 18. Ng1 Nxd4 19. Qxd4 Rac8 20. Rc1 Qb6 21.
Nf3 g6 22. Qxb6 Nxb6 23. Nd4 a4 24. Bg4 Rc5 25. Rcd1 Kf8 26. b3 Ke7 27. Kc1
Rec8 28. Kd2 Rc3 29. Re3 R3c7 30. a3 bxa3 31. Ra1 axb3 32. cxb3 Nd7 33. Rxa3
Bf1 34. Ra1 Bg2 35. Bd1 Nc5 36. Nb5 Ne4+ 37. Rxe4 Bxe4 38. Nxc7 Rxc7 39. Ra6 h5
40. Ra8 f6 41. Rh8 fxe5 42. Rh7+ Kd8 43. Rxc7 Kxc7 44. fxe5 d4 45. Bc2 Bxc2 46.
Kxc2 Kc6 47. Kd3 Kd5 48. b4 g5 49. h3 g4 50. hxg4 hxg4 51. b5 Kc5 52. b6 Kxb6
53. Kxd4 Kb5 54. Ke4 Kc4 55. Kf4 Kd4 56. Kxg4 Kxe5 57. Kf3 1/2-1/2

[Event "ThEM Meisterturnier"]
[Site "?"]
[Date "2002.03.31"]
[Round "7"]
[White "Deuter, Lutz"]
[Black "Holzschuh, Stephan"]
[Result "1/2-1/2"]
[WhiteElo "2041"]
[BlackElo "2071"]
[PlyCount "36"]
[EventDate "2002.??.??"]

1. e4 c5 2. Nf3 Nc6 3. d4 cxd4 4. Nxd4 g6 5. c4 Bg7 6. Be3 Nf6 7. Nc3 d6 8. Be2
O-O 9. O-O Bd7 10. Re1 Nxd4 11. Bxd4 Bc6 12. Bf1 a5 13. b3 Nd7 14. Bxg7 Kxg7
15. Qd2 Nc5 16. Rad1 f6 17. Nd5 Rc8 18. g3 Bxd5 1/2-1/2

[Event "ThEM Meisterturnier"]
[Site "?"]
[Date "2002.03.31"]
[Round "7"]
[White "Krämer, Martin"]
[Black "Aepfler, Christian"]
[Result "1/2-1/2"]
[WhiteElo "2132"]
[BlackElo "2275"]
[PlyCount "40"]
[EventDate "2002.??.??"]

1. e4 e6 2. d4 d5 3. e5 c5 4. c3 Qb6 5. Bd3 Bd7 6. Ne2 cxd4 7. cxd4 Nc6 8. Nbc3
f6 9. exf6 Nxf6 10. Bf4 Be7 11. Nb5 Qa5+ 12. Nec3 O-O 13. Bc7 b6 14. a3 a6 15.
b4 Nxb4 16. axb4 Qxb4 17. Rb1 Qa5 18. Ra1 Qb4 19. Rb1 Qa5 20. Ra1 Qb4 1/2-1/2

[Event "ThEM Meisterturnier"]
[Site "?"]
[Date "2002.03.31"]
[Round "7"]
[White "Seidel, Thomas"]
[Black "Hänsel, Thomas"]
[Result "0-1"]
[WhiteElo "2043"]
[BlackElo "2269"]
[PlyCount "84"]
[EventDate "2002.??.??"]

1. e4 c5 2. Nf3 d6 3. d4 cxd4 4. Nxd4 Nf6 5. Nc3 a6 6. Bg5 e6 7. f4 Nbd7 8. Qf3
Qc7 9. O-O-O b5 10. Bxf6 Nxf6 11. Bd3 Bb7 12. Rhe1 O-O-O 13. Kb1 Qb6 14. Nb3
Kb8 15. a3 h5 16. f5 e5 17. Nd5 Nxd5 18. exd5 Be7 19. Be4 Rc8 20. Rd3 h4 21.
Nc1 Bd8 22. Qg4 Rg8 23. Qh5 Qc7 24. Rc3 Qe7 25. Rxc8+ Bxc8 26. Qe2 g6 27. fxg6
f5 28. Bf3 Rxg6 29. c4 bxc4 30. Qxc4 Qc7 31. Qa4 e4 32. Bh5 Rxg2 33. Re3 Bf6
34. Rb3+ Ka7 35. Ne2 Bd7 36. Qb4 a5 37. Qe1 Ba4 38. Nc3 Bxb3 39. Nb5+ Kb7 40.
Nxc7 Rxb2+ 41. Kc1 Rc2+ 42. Kb1 Ra2 0-1

[Event "ThEM Meisterturnier"]
[Site "?"]
[Date "2002.03.31"]
[Round "8"]
[White "Goemann, Jens"]
[Black "Hänsel, Thomas"]
[Result "1/2-1/2"]
[WhiteElo "2197"]
[BlackElo "2269"]
[PlyCount "26"]
[EventDate "2002.??.??"]

1. c4 g6 2. g3 Bg7 3. Bg2 d6 4. Nf3 Nc6 5. Nc3 e5 6. d3 f5 7. O-O Nf6 8. Rb1 a5
9. a3 O-O 10. b4 axb4 11. axb4 Kh8 12. b5 Ne7 13. Qb3 h6 1/2-1/2

[Event "ThEM Meisterturnier"]
[Site "?"]
[Date "2002.03.31"]
[Round "8"]
[White "Aepfler, Christian"]
[Black "Seidel, Thomas"]
[Result "1-0"]
[WhiteElo "2275"]
[BlackElo "2043"]
[PlyCount "67"]
[EventDate "2002.??.??"]

1. e4 c5 2. c3 d6 3. d4 cxd4 4. cxd4 Nf6 5. Bd3 Nc6 6. Ne2 g6 7. Nbc3 Bg7 8.
O-O O-O 9. h3 a6 10. f4 e5 11. fxe5 dxe5 12. d5 Qb6+ 13. Kh2 Nd4 14. Na4 Qd6
15. Nxd4 exd4+ 16. Bf4 Qd8 17. Rc1 Bd7 18. Nc5 Nh5 19. g3 Nxf4 20. gxf4 Bc8 21.
Nb3 Kh8 22. Qf3 f5 23. e5 g5 24. Rfe1 b6 25. Nxd4 g4 26. Qg2 gxh3 27. Qf3 Qh4
28. Qg3 Qd8 29. d6 Bh6 30. Rg1 Ra7 31. Nc6 Rg7 32. Nxd8 Rxg3 33. Nf7+ Rxf7 34.
Rxc8+ 1-0

[Event "ThEM Meisterturnier"]
[Site "?"]
[Date "2002.??.??"]
[Round "8"]
[White "Holzschuh, Stephan"]
[Black "Krämer, Martin"]
[Result "1/2-1/2"]
[WhiteElo "2071"]
[BlackElo "2132"]
[PlyCount "124"]
[EventDate "2002.??.??"]

1. e4 c5 2. Nf3 g6 3. d4 cxd4 4. Qxd4 Nf6 5. Nc3 Nc6 6. Qa4 d6 7. e5 dxe5 8.
Nxe5 Qd4 9. Qxd4 Nxd4 10. Nb5 Nxc2+ 11. Kd1 Nxa1 12. Bc4 Bg4+ 13. f3 Rd8+ 14.
Ke2 Bg7 15. Nc7+ Kf8 16. fxg4 Rc8 17. Rd1 e6 18. Nb5 Nd5 19. Nd6 Rc7 20. Nb5
Bxe5 21. Nxc7 Bxc7 22. Bh6+ Ke7 23. Rxa1 Bxh2 24. Bg7 Rg8 25. Bd4 Bb8 26. Rh1
h5 27. gxh5 gxh5 28. Kf2 Rg4 29. Rd1 a6 30. Kf1 Ne3+ 31. Bxe3 Rxc4 32. Bb6 Be5
33. b3 Rc2 34. a4 Rc6 35. Bd8+ Ke8 36. Bg5 Rd6 37. Rc1 Rc6 38. Rd1 f6 39. Bd2
Rd6 40. Ke2 Rd5 41. Rh1 Bd6 42. Bc3 Kf7 43. Rh4 Kg6 44. Rh3 f5 45. Re3 e5 46.
Rg3+ Kf6 47. Rh3 Kg5 48. Rg3+ Kh6 49. Rg8 Bc5 50. Rh8+ Kg5 51. Rg8+ Kf4 52.
Bd2+ Ke4 53. Rh8 f4 54. Rxh5 Rd7 55. Rh3 Rg7 56. Kf1 Rg3 57. Rxg3 fxg3 58. Ke2
Bf2 59. Bc3 b6 60. Bb2 Bd4 61. Bc1 Kd5 62. Bd2 Bc5 1/2-1/2

[Event "ThEM Meisterturnier"]
[Site "?"]
[Date "2002.04.01"]
[Round "9"]
[White "Deuter, Lutz"]
[Black "Müller, Matthias"]
[Result "0-1"]
[WhiteElo "2041"]
[BlackElo "2415"]
[PlyCount "40"]
[EventDate "2002.??.??"]

1. b3 d5 2. Bb2 Nf6 3. e3 e6 4. f4 c5 5. Nf3 Nc6 6. Bb5 Bd7 7. O-O Be7 8. Qe1
Nb4 9. Bxd7+ Nxd7 10. Qd1 O-O 11. a3 Nc6 12. d3 Bf6 13. Bxf6 Qxf6 14. Nbd2 Rae8
15. Kh1 e5 16. fxe5 Ndxe5 17. Nd4 Qg5 18. Nxc6 bxc6 19. e4 Ng4 20. Rf5 Qxf5 0-1

[Event "ThEM Meisterturnier"]
[Site "?"]
[Date "2002.04.01"]
[Round "9"]
[White "Seidel, Thomas"]
[Black "Holzschuh, Stephan"]
[Result "1/2-1/2"]
[WhiteElo "2043"]
[BlackElo "2071"]
[PlyCount "44"]
[EventDate "2002.??.??"]

1. e4 c5 2. Nf3 Nc6 3. d4 cxd4 4. Nxd4 g6 5. Be2 Bg7 6. c3 Nf6 7. Nd2 O-O 8.
O-O d5 9. Nxc6 bxc6 10. exd5 cxd5 11. c4 Rb8 12. cxd5 Nxd5 13. Nb3 Bf5 14. Bg4
Bxg4 15. Qxg4 Qc7 16. Qe2 a5 17. Be3 a4 18. Rac1 Qb7 19. Nc5 Qxb2 20. Rc2 Qb5
21. Qxb5 Rxb5 22. Nxa4 Ra8 1/2-1/2

[Event "ThEM 2003"]
[Site "?"]
[Date "2003.04.16"]
[Round "1"]
[White "Enders, Peter"]
[Black "Koksch, Robert"]
[Result "1-0"]
[WhiteElo "2522"]
[BlackElo "2072"]
[PlyCount "151"]
[EventDate "2003.04.16"]
[EventRounds "9"]
[EventCountry "GER"]

1. e4 c6 2. d4 d5 3. Nc3 dxe4 4. Nxe4 Nd7 5. Bc4 Ngf6 6. Ng5 e6 7. Qe2 Nb6 8.
Bd3 h6 9. N5f3 c5 10. dxc5 Bxc5 11. Bf4 Nbd5 12. Be5 Bd7 13. c3 Qb6 14. Nh3 a5
15. O-O Bd6 16. Rad1 Bxe5 17. Nxe5 Ba4 18. Rd2 O-O 19. Re1 Rad8 20. Bc2 Bxc2
21. Rxc2 Nd7 22. Nd3 Nc5 23. Nhf4 Nf6 24. Qe3 Ncd7 25. Qf3 Nc5 26. Ne5 Nce4 27.
h3 Rd2 28. Nc4 Qd8 29. Nxd2 Nxd2 30. Qxb7 Qd6 31. Ne2 Qd3 32. Nd4 e5 33. Rxe5
Qf1+ 34. Kh2 Qxf2 35. Rxd2 Qf4+ 36. g3 Qxe5 37. Re2 Qc5 38. Qc6 Qa7 39. a4 Rd8
40. Kg2 Qb8 41. Nf5 Rd3 42. Kh1 Qd8 43. Qc8 Qxc8 44. Ne7+ Kf8 45. Nxc8 Nh5 46.
Rg2 Ke8 47. Nb6 f5 48. Nc4 f4 49. gxf4 Nxf4 50. Rxg7 Rxh3+ 51. Kg1 h5 52. Nxa5
Kf8 53. Rh7 Kg8 54. Re7 h4 55. Re4 Rf3 56. Nc4 h3 57. Re3 Rf1+ 58. Kxf1 h2 59.
Rg3+ Kf7 60. Rg1 hxg1=Q+ 61. Kxg1 Nd5 62. Kf2 Ke6 63. Kf3 Kd7 64. Ke4 Kc6 65.
Kd4 Nc7 66. Ne5+ Kd6 67. Nd3 Ne6+ 68. Kc4 Kc6 69. b4 Kb6 70. a5+ Kc6 71. b5+
Kc7 72. Kd5 Nd8 73. Ne5 Nb7 74. b6+ Kc8 75. a6 Na5 76. Nc6 1-0

[Event "ThEM 2003"]
[Site "?"]
[Date "2003.04.16"]
[Round "1"]
[White "Rohmeiss, Roberto"]
[Black "Haensel, Thomas"]
[Result "1-0"]
[WhiteElo "2065"]
[BlackElo "2312"]
[PlyCount "93"]
[EventDate "2003.04.16"]
[EventRounds "9"]
[EventCountry "GER"]

1. d4 Nf6 2. c4 g6 3. Nc3 Bg7 4. Nf3 O-O 5. e3 d6 6. Be2 Nbd7 7. O-O e5 8. b4
Re8 9. a4 exd4 10. exd4 c5 11. Ba3 Ne4 12. Nd5 Nb6 13. Rc1 Nxd5 14. cxd5 cxb4
15. Bxb4 Bd7 16. a5 b6 17. a6 b5 18. Bd3 Qb6 19. Bxe4 Rxe4 20. Qc2 Rf4 21. Qc7
Qxc7 22. Rxc7 Bg4 23. Bxd6 Rf6 24. Bc5 Bxf3 25. gxf3 Rxa6 26. d6 Rd8 27. d7 Bf6
28. Re1 Re6 29. Rxe6 fxe6 30. Rxa7 Kf7 31. Bb6 Ke7 32. Bxd8+ Kxd8 33. Rb7 Bxd4
34. Rxb5 Bf6 35. Rb6 Kxd7 36. Rb7+ Kd6 37. Rxh7 Ke5 38. Kg2 g5 39. Rb7 Kf5 40.
Rb5+ e5 41. Kg3 Bd8 42. Rb8 Be7 43. Rb7 Bd6 44. Rd7 Bc5 45. Rf7+ Ke6 46. Rc7
Bd4 47. Kg4 1-0

[Event "ThEM 2003"]
[Site "?"]
[Date "2003.04.16"]
[Round "1"]
[White "Aepfler, Christian"]
[Black "Deuter, Lutz"]
[Result "1-0"]
[WhiteElo "2266"]
[BlackElo "2049"]
[PlyCount "65"]
[EventDate "2003.04.16"]
[EventRounds "9"]
[EventCountry "GER"]

1. e4 e6 2. d4 d5 3. exd5 exd5 4. Nf3 Bd6 5. c4 c6 6. Bd3 Nf6 7. O-O O-O 8. Bg5
h6 9. Bh4 dxc4 10. Bxc4 Bg4 11. Nbd2 Nbd7 12. Re1 Qb6 13. Qc2 Nd5 14. a3 Rfe8
15. Bf1 Qc7 16. Bg3 Bxg3 17. hxg3 a5 18. Rad1 Rad8 19. Bc4 Be6 20. Ne4 N5b6 21.
Bxe6 Rxe6 22. Nc5 Rxe1+ 23. Rxe1 Nxc5 24. dxc5 Nd5 25. Qf5 Nf6 26. Ne5 Rd5 27.
b4 axb4 28. axb4 Qd8 29. Qf3 Rd4 30. b5 Qd5 31. bxc6 bxc6 32. Nxc6 Qxc5 33.
Nxd4 1-0

[Event "ThEM 2003"]
[Site "?"]
[Date "2003.04.16"]
[Round "1"]
[White "Siegl, Detlef"]
[Black "Wehner, Jannis"]
[Result "1/2-1/2"]
[WhiteElo "2027"]
[BlackElo "2197"]
[PlyCount "75"]
[EventDate "2003.04.16"]
[EventRounds "9"]
[EventCountry "GER"]

1. e4 c5 2. Nf3 Nc6 3. d4 cxd4 4. Nxd4 Nf6 5. Nc3 e5 6. Ndb5 d6 7. Bg5 a6 8.
Na3 b5 9. Bxf6 gxf6 10. Nd5 f5 11. exf5 Bxf5 12. c3 Bg7 13. Be2 O-O 14. O-O Be6
15. Nc2 f5 16. Qd2 Ne7 17. Nxe7+ Qxe7 18. a4 d5 19. axb5 axb5 20. Bxb5 Rab8 21.
Na3 f4 22. Rfe1 Rf5 23. c4 d4 24. Nc2 Rh5 25. Ra3 Rf8 26. Qe2 Qh4 27. h3 Bf5
28. c5 e4 29. Nxd4 f3 30. Nxf5 Rhxf5 31. Qxe4 Qxe4 32. Rxe4 fxg2 33. Rg3 Rxc5
34. Reg4 Rxb5 35. Rxg7+ Kh8 36. Kxg2 Rxb2 37. Kg1 Rbxf2 38. Rg2 1/2-1/2

[Event "ThEM 2003"]
[Site "?"]
[Date "2003.04.16"]
[Round "1"]
[White "Goemann, Jens"]
[Black "Seidens, Gunter"]
[Result "1/2-1/2"]
[WhiteElo "2194"]
[BlackElo "2069"]
[PlyCount "39"]
[EventDate "2003.04.16"]
[EventRounds "9"]
[EventCountry "GER"]

1. c4 Nf6 2. g3 c6 3. Bg2 d5 4. Nf3 Bf5 5. b3 e6 6. Bb2 Nbd7 7. O-O Be7 8. d3
O-O 9. Nbd2 a5 10. a3 Qb8 11. Re1 Rd8 12. Qc2 Qa7 13. b4 axb4 14. axb4 Qb6 15.
Bc3 Bxb4 16. Bxb4 Qxb4 17. Rab1 Qc5 18. Rxb7 Ng4 19. Rf1 Rab8 20. Qb2 1/2-1/2

[Event "ThEM 2003"]
[Site "?"]
[Date "2003.04.16"]
[Round "1"]
[White "Petiko, Jakob"]
[Black "Kirschbaum, Gunnar"]
[Result "1-0"]
[WhiteElo "2016"]
[BlackElo "2179"]
[PlyCount "79"]
[EventDate "2003.04.16"]
[EventRounds "9"]
[EventCountry "GER"]

1. c4 g6 2. Nc3 Bg7 3. e4 c5 4. g3 d6 5. Bg2 Nc6 6. d3 e5 7. Be3 Nge7 8. Qd2
O-O 9. Bh6 Bxh6 10. Qxh6 Kh8 11. Nge2 Nd4 12. Nxd4 exd4 13. Ne2 Bg4 14. f3 Be6
15. O-O Rb8 16. Qd2 b5 17. b3 a5 18. h4 a4 19. Nf4 bxc4 20. bxc4 a3 21. Rab1
Qc7 22. h5 Rxb1 23. Rxb1 Rb8 24. Qc1 Rb4 25. Bh3 Bxh3 26. Nxh3 d5 27. Kg2 dxc4
28. Qg5 Ng8 29. hxg6 fxg6 30. Rxb4 cxb4 31. dxc4 Qe7 32. Qd2 Qc5 33. Qf4 h6 34.
Qf7 g5 35. Qb7 Qxc4 36. Nf2 d3 37. e5 d2 38. e6 Qxe6 39. Qb5 Qxa2 40. Kh3 {ZÜ}
1-0

[Event "ThEM 2003"]
[Site "?"]
[Date "2003.04.16"]
[Round "1"]
[White "Kraemer, Martin"]
[Black "Koch, Stefan"]
[Result "1/2-1/2"]
[WhiteElo "2173"]
[BlackElo "1923"]
[PlyCount "60"]
[EventDate "2003.04.16"]
[EventRounds "9"]
[EventCountry "GER"]

1. e4 e5 2. Nf3 Nc6 3. Bc4 Be7 4. d4 exd4 5. Nxd4 d6 6. O-O Nf6 7. Nc3 O-O 8.
h3 Bd7 9. f4 Nxd4 10. Qxd4 Bc6 11. Bb3 Nd7 12. Be3 Bf6 13. Qd3 Bxc3 14. Qxc3
Bxe4 15. Rae1 c5 16. Rd1 Qe7 17. Qd2 d5 18. Rfe1 Nb6 19. c3 Rac8 20. Qf2 Rc6
21. Rd2 Re8 22. f5 c4 23. Bd1 Rd8 24. Bc2 Nd7 25. Bxe4 dxe4 26. Red1 Rcc8 27.
Qf4 Nf6 28. Bxa7 Rd3 29. Bd4 Nd5 30. Qg4 f6 1/2-1/2

[Event "ThEM 2003"]
[Site "?"]
[Date "2003.04.16"]
[Round "1"]
[White "Huster, Mike"]
[Black "Lange, Corinna"]
[Result "1-0"]
[WhiteElo "1917"]
[BlackElo "2162"]
[PlyCount "65"]
[EventDate "2003.04.16"]
[EventRounds "9"]
[EventCountry "GER"]

1. d4 f5 2. g3 Nf6 3. Bg2 e6 4. c4 Bb4+ 5. Bd2 Bxd2+ 6. Nxd2 O-O 7. Ngf3 d6 8.
O-O Nbd7 9. Qc2 Qe8 10. Rad1 Rb8 11. e4 fxe4 12. Nxe4 Nxe4 13. Qxe4 Nf6 14. Qh4
Qg6 15. Rfe1 Qc2 16. b3 Qxa2 17. Rd3 Bd7 18. Bh3 Kh8 19. Rde3 h6 20. g4 Nh7 21.
g5 Qa5 22. gxh6 Rxf3 23. hxg7+ Kg8 24. Rxf3 Qxe1+ 25. Kg2 Bc6 26. d5 exd5 27.
Bf5 Nf6 28. Qxf6 dxc4 29. Be6+ Kh7 30. Qh4+ Kxg7 31. Qg5+ Kh7 32. Bf5+ Kh8 33.
Qh6+ 1-0